All Legendary Pokemon - Statistics

General Stats
  • This quiz has been taken 73 times
  • The average score is 23 of 51
Answer Stats
Hint Answer % Correct
#383 Groudon
90%
#150 Mewtwo
90%
#484 Palkia
87%
#382 Kyogre
86%
#384 Rayquaza
86%
#483 Dialga
84%
#250 Ho-Oh
84%
#249 Lugia
84%
#487 Giratina
78%
#644 Zekrom
75%
#244 Entei
70%
#643 Reshiram
70%
#245 Suicune
70%
#243 Raikou
63%
#646 Kyurem
59%
#792 Lunala
59%
#791 Solgaleo
59%
#717 Yveltal
56%
#716 Xerneas
54%
#718 Zygarde
51%
#485 Heatran
43%
#888 Zacian
43%
#800 Necrozma
41%
#486 Regigigas
41%
#1008 Miraidon
40%
#639 Terrakion
40%
#1007 Koraidon
38%
#640 Virizion
38%
#889 Zamazenta
38%
#638 Cobalion
37%
#488 Cresselia
37%
#890 Eternatus
33%
#645 Landorus
33%
#642 Thundurus
29%
#641 Tornadus
29%
#1024 Terapagos
27%
#1003 Ting-Lu
24%
#1004 Chi-Yu
22%
#892 Urshifu
22%
#898 Calyrex
21%
#1002 Chien-Pao
21%
#891 Kubfu
21%
#1014 Okidogi
21%
#1015 Munkidori
19%
#895 Regidrago
19%
#1016 Fezandipiti
17%
#1017 Ogerpon
17%
#894 Regieleki
17%
#1001 Wo-Chien
17%
#896 Glastrier
16%
#897 Spectrier
16%
No matching quizzes found
Score Distribution
Percent of People with Each Score
Percentile by Number Answered
Your Score History
You have not taken this quiz